| 000 | 00000nam##2200000za#4500 |
| 001 | 9.680437 |
| 003 | CaOODSP |
| 005 | 20200330063940 |
| 007 | ta |
| 008 | 150407|1998||||xxc||||| f|0| 0 fre|d |
| 020 | |a0-662-82898-4 |
| 040 | |aCaOODSP|bfre |
| 043 | |an-cn--- |
| 086 | 1 |aRC31-6/1998F |
| 110 | 1 |aCanada.|bCommission des revendications des Indiens. |
| 245 | 10|aEnquête sur le Conseil tripartite chippaouais : |brevendication concernant le Traité Collins |
| 260 | |aOttawa - Ontario : |bCommission des revendications des Indiens |c1998. |
| 300 | |a42p. : |bcartes, références ; |c28 cm. |
| 500 | |a«[...] une enquête au sujet de la revendication des Premières Nations chippaouaises de Beausoleil, Rama et de l'Île Georgina liée au Traité Collins [...] en relation à l'accord passé entre la Couronne et les chippaouais pour un droit de passage à partir du lac Simcoe jusqu'au lac Huron en échange de certaines promesses qui n'ont pas été remplies.»--Lettre de présentation. |
| 520 | 3 |a[...] une enquête au sujet de la revendication des Premières Nations chippaouaises de Beausoleil, Rama et de l'Île Georgina liée au Traité Collins [...] en relation à l'accord passé entre la Couronne et les chippaouais pour un droit de passage à partir du lac Simcoe jusqu'au lac Huron en échange de certaines promesses qui n'ont pas été remplies.--Lettre de présentation |
| 563 | |aReliure à spirale |
| 590 | |a98-19|b1998-05-08 |
| 691 | 07|aRevendication territoriale|2gcpds |
| 775 | 08|tChippewa Tri-Council Inquiry : |w(CaOODSP)9.646948 |